Loading...

English Konkani dictionary

Bibliographic Details
Main Author: Angelus Francis Xavier Maffei
Format: Printed Book
Published: New Delhi Asian Educational Services 2001
Subjects:
LEADER 00654nam a22001811a 4500
020 |a 9788120606265  |c 0.00 
040 |a SSUS - Library - Kalady 
082 |a 423.914 6  |b ANG/E 
100 |a Angelus Francis Xavier Maffei  
245 |a English Konkani dictionary  |h [Text] 
260 |a New Delhi  |b Asian Educational Services  |c 2001 
300 |a 545p. 
600 |a Dictionary English Konkani 
600 |a Language 
852 |k Reference  |h 423.914 6  |i ANG/E  |p 043141  |9 695.00  |t 0 
942 |c REF 
999 |c 13345  |d 13345 
952 |0 0  |1 0  |4 0  |6 R_423_914000000000000_6_ANG_E  |7 0  |9 19127  |a SSUS  |b SSUS  |d 2015-01-08  |g 695.00  |o R 423.914 6 ANG/E  |p 043141  |r 2015-01-08  |v 0.00  |w 2015-01-08  |y REF